טוען...

Subhashitharatnakaram/

מידע ביבליוגרפי
מחבר ראשי: Kesavapillai K C
פורמט: Printed Book
יצא לאור: Trichur: Sri Ramakrishna Math, 1991.
מהדורה:14th
נושאים:
LEADER 00575nam a22001691a 4500
082 |a M1  |b KES/S 
100 |a Kesavapillai K C  |9 84901 
245 |a Subhashitharatnakaram/  |c by Kesavapillai K C 
250 |a 14th 
260 |a Trichur:  |b Sri Ramakrishna Math,  |c 1991. 
300 |a 110p. 
650 |a Poetry Malayalam  |9 84902 
650 |a Literature Malayalam  |9 84903 
650 |a Literature  |9 84904 
942 |c BK 
999 |c 45210  |d 45210 
952 |0 0  |1 0  |4 0  |6 M_1_000000000000000_KES_S  |7 0  |9 65227  |a SSUS  |b SSUS  |d 2015-01-08  |g 18.00  |l 2  |o M1 KES/S  |p 000875  |r 2019-11-11  |s 2019-11-06  |v 0.00  |w 2015-01-08  |y BK